L'expertise toxicolgique des médicaments /
Réglementation relative aux études toxicologiques et à l'expérimentation animale; Les boones pratiques de laboratoire; Les animaux de laboratoire; Les études toxicologique....
Gardado en:
| Autor Principal: | |
|---|---|
| Outros autores: | , |
| Formato: | Libro |
| Idioma: | French |
| Publicado: |
Paris :
Masson,
1986.
|
| Những chủ đề: | |
| Các nhãn: |
Engadir etiqueta
Sen Etiquetas, Sexa o primeiro en etiquetar este rexistro!
|
| Thư viện lưu trữ: | Mạng thư viện Đại học Đà Nẵng |
|---|
| LEADER | 01120cam a2200373 i 4500 | ||
|---|---|---|---|
| 001 | 000044342 | ||
| 003 | 2712 | ||
| 005 | 20030319140932.0 | ||
| 008 | 010307|1986 vm 000 fre | ||
| 020 | |a 2225808511 | ||
| 022 | |a T | ||
| 040 | |a IRC |c IRC |d IRC | ||
| 041 | 0 | |a fre | |
| 082 | 1 | 4 | |a 610.72 |b LA-M |
| 100 | 1 | |a Laroche, M.J. | |
| 245 | 0 | 3 | |a L'expertise toxicolgique des médicaments / |c Laroche M.J, P. Fabiani, F. Rousselet. |
| 260 | |a Paris : |b Masson, |c 1986. | ||
| 300 | |a 368p. ; |c 23.5cm. | ||
| 520 | 3 | |a Réglementation relative aux études toxicologiques et à l'expérimentation animale; Les boones pratiques de laboratoire; Les animaux de laboratoire; Les études toxicologique.... | |
| 630 | 0 | 4 | |a Médicaments. |
| 630 | 0 | 4 | |a Expertise toxicolgique. |
| 650 | 0 | 4 | |a Expertise toxicolgique |x Médicaments. |
| 700 | 1 | |a Fabiani, P. | |
| 700 | 1 | |a Rousselet, F. | |
| OWN | |a DUT | ||
| 999 | |a From the UDN01 | ||
| TYP | |a Monograph | ||
| TYP | |a Printed language | ||
| 980 | |a Mạng thư viện Đại học Đà Nẵng | ||


